<?xml version="1.0" encoding="UTF-8"?><?xml-stylesheet type="text/xsl" href="static/style.xsl"?><OAI-PMH xmlns="http://www.openarchives.org/OAI/2.0/" xmlns:xsi="http://www.w3.org/2001/XMLSchema-instance" xsi:schemaLocation="http://www.openarchives.org/OAI/2.0/ http://www.openarchives.org/OAI/2.0/OAI-PMH.xsd"><responseDate>2026-04-27T19:53:32Z</responseDate><request verb="GetRecord" identifier="oai:uvadoc.uva.es:10324/6864" metadataPrefix="marc">https://uvadoc.uva.es/oai/request</request><GetRecord><record><header><identifier>oai:uvadoc.uva.es:10324/6864</identifier><datestamp>2021-06-29T10:08:10Z</datestamp><setSpec>com_10324_38</setSpec><setSpec>col_10324_852</setSpec></header><metadata><record xmlns="http://www.loc.gov/MARC21/slim" xmlns:doc="http://www.lyncode.com/xoai" xmlns:xsi="http://www.w3.org/2001/XMLSchema-instance" xmlns:dcterms="http://purl.org/dc/terms/" xsi:schemaLocation="http://www.loc.gov/MARC21/slim http://www.loc.gov/standards/marcxml/schema/MARC21slim.xsd">
<leader>00925njm 22002777a 4500</leader>
<datafield tag="042" ind1=" " ind2=" ">
<subfield code="a">dc</subfield>
</datafield>
<datafield tag="720" ind1=" " ind2=" ">
<subfield code="a">Bustillo Martín, Pablo</subfield>
<subfield code="e">author</subfield>
</datafield>
<datafield tag="260" ind1=" " ind2=" ">
<subfield code="c">2014</subfield>
</datafield>
<datafield tag="520" ind1=" " ind2=" ">
<subfield code="a">El presente trabajo ofrece una perspectiva del término “bullying” desde diversos puntos de vista como el aspecto jurídico o el tratamiento por parte de la prensa; manifestando las consecuencias que tuvo en la opinión pública un determinado caso que supuso un punto de inflexión en el interés general ante unos hechos que cambiaron la forma de percibir, manejar y enfrentarse a dicho fenómeno, así mismo crear unos protocolos para discernir entre las conductas propias de la convivencia escolar y el acoso.&#xd;
Por lo tanto, el fin del estudio es intentar comprender las actuales políticas contra la violencia escolar a través de las experiencias que nuestra sociedad ha vivido.</subfield>
</datafield>
<datafield tag="024" ind2=" " ind1="8">
<subfield code="a">http://uvadoc.uva.es/handle/10324/6864</subfield>
</datafield>
<datafield ind1=" " ind2=" " tag="653">
<subfield code="a">Violencia en las escuelas</subfield>
</datafield>
<datafield ind1=" " ind2=" " tag="653">
<subfield code="a">Aulas-Ambiente</subfield>
</datafield>
<datafield tag="245" ind1="0" ind2="0">
<subfield code="a">Una forma de violencia: el acoso escolar</subfield>
</datafield>
</record></metadata></record></GetRecord></OAI-PMH>